| 000 | 00705nam a2200181Ia 4500 | ||
|---|---|---|---|
| 008 | 220216s9999 xx 000 0 und d | ||
| 100 | _aCai Z Y | ||
| 245 | 0 | _aInvolvement of low temperature stress in prevailing of rubber diseases and pests in southwest rubber-growing region of China | |
| 260 | _bClimate Change, Low Carbon Economy and Sustainable Natural Rubber Industry: Preprints of Proceedings of IRRDB International Rubber Conference 2010, 18-19 October 2010 Sanya, Hainan, China, pp. 206-214. | ||
| 650 | _aChilling injury | ||
| 650 | _aLow temperature stress | ||
| 650 | _aPest | ||
| 650 | _aRubber disease | ||
| 700 | _aHunag G X | ||
| 700 | _aLi G H | ||
| 700 |
_aZhou _M |
||
| 942 | _cJS | ||
| 999 |
_c61670 _d61670 |
||